Tele banca tele compra
Bewaard in:
| Hoofdauteur: | |
|---|---|
| Coauteur: | |
| Formaat: | Conferentie akten Boek |
| Taal: | Spanish |
| Gepubliceerd in: |
San José, Costa Rica: Instituto Costarricense de Electricidad
1988
|
| Tags: |
Voeg label toe
Geen labels, Wees de eerste die dit record labelt!
|
MARC
| LEADER | 00000nam a2200000Ia 4500 | ||
|---|---|---|---|
| 003 | 003313 | ||
| 005 | 20221231143949.0 | ||
| 008 | 140114s1988 cr a 000 ||spa d | ||
| 040 | |c cru CEDI | ||
| 082 | |a 621.382 W364t | ||
| 100 | |a Weber, A |9 21658 | ||
| 245 | |a Tele banca tele compra | ||
| 260 | |a San José, Costa Rica: Instituto Costarricense de Electricidad |c 1988 | ||
| 300 | |a [16 ] páginas | ||
| 711 | |a Seminario nuevas tecnologías y servicios en telecomunicaciones |c San José, Costa Rica |d 25,26 y 27 de mayo, 1988 . |9 21655 | ||
| 942 | |2 ddc |c BK | ||
| 999 | |c 14890 |d 14890 | ||
